<?xml version="1.0" encoding="UTF-8"?>
<collection xmlns="http://www.loc.gov/MARC21/slim">
    <record>
        <controlfield tag="001">78722</controlfield>
        <controlfield tag="005">20190326135145.0</controlfield>
        <datafield tag="024" ind1="8" ind2=" ">
            <subfield code="2">sideral</subfield>
            <subfield code="a">104056</subfield>
        </datafield>
        <datafield tag="037" ind1=" " ind2=" ">
            <subfield code="a">ART-2016-104056</subfield>
        </datafield>
        <datafield tag="041" ind1=" " ind2=" ">
            <subfield code="a">spa</subfield>
        </datafield>
        <datafield tag="100" ind1=" " ind2=" ">
            <subfield code="0">(orcid)0000-0001-8881-9384</subfield>
            <subfield code="a">Aguilar Martín, María Carmen</subfield>
            <subfield code="u">Universidad de Zaragoza</subfield>
        </datafield>
        <datafield tag="245" ind1=" " ind2=" ">
            <subfield code="a">El Derecho del Trabajo y de la Seguridad Social en España en 2015. Sección Juvenil de la Asociación Española de Derecho del Trabajo y de la Seguridad Social.</subfield>
        </datafield>
        <datafield tag="260" ind1=" " ind2=" ">
            <subfield code="c">2016</subfield>
        </datafield>
        <datafield tag="506" ind1="0" ind2=" ">
            <subfield code="a">Access copy available to the general public</subfield>
            <subfield code="f">Unrestricted</subfield>
        </datafield>
        <datafield tag="520" ind1="3" ind2=" ">
            <subfield code="a">Este Informe deja constancia de los cambios normativos más relevantes y de las tendencias judiciales más paradigmáticas del ordenamiento laboral en 2015. En él se observa el imparable dinamismo del Derecho del Trabajo y de la Seguridad Social en España. El documento, consciente de tal mutabilidad, recoge una minuciosa selección de cuestiones esenciales, a juicio de las personas que abordan cada una de las materias, de las que son especialistas; los autores y las autoras, que forman parte de la Sección Juvenil de la Asociación Española de Derecho del Trabajo y de la Seguridad Social, se adscriben a los grupos temáticos por afinidad con sus principales líneas de investigación y su labor docente universitaria. En síntesis, en el Informe “El Derecho del Trabajo y de la Seguridad Social en España en 2015” se puede encontrar información muy útil para los profesionales del iuslaboralismo en materia de derechos fundamentales inespecíficos, contratación laboral y empleo, vicisitudes del contrato de trabajo, derechos colectivos, igualdad y corresponsabilidad, Seguridad Social o prevención de riesgos laborales.

This report has as aim leaving a record of the most relevant normative changes and the most paradigmatic judicial trends in Labour Law in 2015. One can easily observe the unstoppable dynamismof Labour and Social Security Law in Spain. The document, conscious of that mutability, collects a thorough selection of key issues, according to the judgement of the authors, all of them specialists and all of them members of the Young Scholars’ Section of the Spanish Association for Labour and Social Security Law. They are part of thematic groups, linked to their main research lines and their teaching task. Summing up, in this report “Labour and Social Security Law in Spain in 2015”, one can easily find useful information for labour lawyers in subjects such as unspecific fundamental rights, work contracts and employment, issues of the labour relationship, collective rights, equality and co-responsibility, Social Security or occupational risk prevention.</subfield>
        </datafield>
        <datafield tag="540" ind1=" " ind2=" ">
            <subfield code="9">info:eu-repo/semantics/openAccess</subfield>
            <subfield code="a">All rights reserved</subfield>
            <subfield code="u">http://www.europeana.eu/rights/rr-f/</subfield>
        </datafield>
        <datafield tag="655" ind1=" " ind2="4">
            <subfield code="a">info:eu-repo/semantics/article</subfield>
            <subfield code="v">info:eu-repo/semantics/publishedVersion</subfield>
        </datafield>
        <datafield tag="700" ind1=" " ind2=" ">
            <subfield code="a">Álvarez Cuesta, Henar</subfield>
        </datafield>
        <datafield tag="700" ind1=" " ind2=" ">
            <subfield code="a">Álvarez del Cuvillo, Antonio</subfield>
        </datafield>
        <datafield tag="700" ind1=" " ind2=" ">
            <subfield code="a">Barona Betancourt, Ricardo</subfield>
        </datafield>
        <datafield tag="700" ind1=" " ind2=" ">
            <subfield code="a">Basterra Hernández, Miguel</subfield>
        </datafield>
        <datafield tag="700" ind1=" " ind2=" ">
            <subfield code="a">Baviera Puig, Inmaculada</subfield>
        </datafield>
        <datafield tag="700" ind1=" " ind2=" ">
            <subfield code="a">Beltrán de Heredia Ruiz, Ignasi</subfield>
        </datafield>
        <datafield tag="700" ind1=" " ind2=" ">
            <subfield code="a">Benito Benítez, María Angustias</subfield>
        </datafield>
        <datafield tag="700" ind1=" " ind2=" ">
            <subfield code="a">Blasco Jover, Carolina</subfield>
        </datafield>
        <datafield tag="700" ind1=" " ind2=" ">
            <subfield code="a">Casanovas Sainz, Joaquim</subfield>
        </datafield>
        <datafield tag="700" ind1=" " ind2=" ">
            <subfield code="a">Cordero Gordillo, Vanessa</subfield>
        </datafield>
        <datafield tag="700" ind1=" " ind2=" ">
            <subfield code="a">Domínguez Morales, Ana</subfield>
        </datafield>
        <datafield tag="700" ind1=" " ind2=" ">
            <subfield code="a">Esteban Miguel, Alfonso</subfield>
        </datafield>
        <datafield tag="700" ind1=" " ind2=" ">
            <subfield code="a">Espín Sáez, Maravillas</subfield>
        </datafield>
        <datafield tag="700" ind1=" " ind2=" ">
            <subfield code="a">Fernández Mingo, Miriam</subfield>
        </datafield>
        <datafield tag="700" ind1=" " ind2=" ">
            <subfield code="a">Fotinopoulou Basurko, Olga</subfield>
        </datafield>
        <datafield tag="700" ind1=" " ind2=" ">
            <subfield code="a">García Coca, Olga</subfield>
        </datafield>
        <datafield tag="700" ind1=" " ind2=" ">
            <subfield code="a">Gómez-Millán Herencia, María José</subfield>
        </datafield>
        <datafield tag="700" ind1=" " ind2=" ">
            <subfield code="a">Gordo González, Luis</subfield>
        </datafield>
        <datafield tag="700" ind1=" " ind2=" ">
            <subfield code="a">Gutiérrez Colominas, David</subfield>
        </datafield>
        <datafield tag="700" ind1=" " ind2=" ">
            <subfield code="a">Kahale Carrillo, Djamil Tony</subfield>
        </datafield>
        <datafield tag="700" ind1=" " ind2=" ">
            <subfield code="a">Menéndez Calvo, Remedios</subfield>
        </datafield>
        <datafield tag="700" ind1=" " ind2=" ">
            <subfield code="a">Nieto Rojas, Patricia</subfield>
        </datafield>
        <datafield tag="700" ind1=" " ind2=" ">
            <subfield code="a">Pazos Pérez, Alexandre</subfield>
        </datafield>
        <datafield tag="700" ind1=" " ind2=" ">
            <subfield code="a">Pérez Del Prado, Daniel</subfield>
        </datafield>
        <datafield tag="700" ind1=" " ind2=" ">
            <subfield code="a">Prieto Padin, Patricia</subfield>
        </datafield>
        <datafield tag="700" ind1=" " ind2=" ">
            <subfield code="a">Ribes Moreno, Mª Isabel</subfield>
        </datafield>
        <datafield tag="700" ind1=" " ind2=" ">
            <subfield code="a">Rodríguez Cardo, Iván Antonio</subfield>
        </datafield>
        <datafield tag="700" ind1=" " ind2=" ">
            <subfield code="a">Rodríguez Rodríguez, Emma</subfield>
        </datafield>
        <datafield tag="700" ind1=" " ind2=" ">
            <subfield code="a">Salas Porras, María</subfield>
        </datafield>
        <datafield tag="700" ind1=" " ind2=" ">
            <subfield code="a">Serrano Argueso, Mariola</subfield>
        </datafield>
        <datafield tag="700" ind1=" " ind2=" ">
            <subfield code="a">Sierra Benítez, Esperanza Macarena</subfield>
        </datafield>
        <datafield tag="700" ind1=" " ind2=" ">
            <subfield code="a">Tolodí Signes, Adrián</subfield>
        </datafield>
        <datafield tag="700" ind1=" " ind2=" ">
            <subfield code="a">Tormos Pérez, Juan Alberto</subfield>
        </datafield>
        <datafield tag="700" ind1=" " ind2=" ">
            <subfield code="a">Velasco Portero, Teresa</subfield>
        </datafield>
        <datafield tag="700" ind1=" " ind2=" ">
            <subfield code="a">Villalba Sánchez, Alicia</subfield>
        </datafield>
        <datafield tag="700" ind1=" " ind2=" ">
            <subfield code="a">Ysàs Molinero, Helena</subfield>
        </datafield>
        <datafield tag="710" ind1="2" ind2=" ">
            <subfield code="1">4003</subfield>
            <subfield code="2">140</subfield>
            <subfield code="a">Universidad de Zaragoza</subfield>
            <subfield code="b">Dpto. Derecho de la Empresa</subfield>
            <subfield code="c">Área Derecho Trabajo y S.S.</subfield>
        </datafield>
        <datafield tag="773" ind1=" " ind2=" ">
            <subfield code="g">43 (2016), 349-481</subfield>
            <subfield code="p">Rev. gen. derecho trab. segur. soc</subfield>
            <subfield code="t">Revista General de Derecho del Trabajo y de la Seguridad Social</subfield>
            <subfield code="x">1696-9626</subfield>
        </datafield>
        <datafield tag="856" ind1="4" ind2="1">
            <subfield code="u">https://www.iustel.com/v2/revistas/detalle_revista.asp?id_noticia=417240&amp;texto=</subfield>
            <subfield code="z">Texto completo de la revista</subfield>
        </datafield>
        <datafield tag="856" ind1="4" ind2=" ">
            <subfield code="s">384948</subfield>
            <subfield code="u">http://zaguan.unizar.es/record/78722/files/texto_completo.pdf</subfield>
            <subfield code="y">Versión publicada</subfield>
        </datafield>
        <datafield tag="856" ind1="4" ind2=" ">
            <subfield code="s">88138</subfield>
            <subfield code="u">http://zaguan.unizar.es/record/78722/files/texto_completo.jpg?subformat=icon</subfield>
            <subfield code="x">icon</subfield>
            <subfield code="y">Versión publicada</subfield>
        </datafield>
        <datafield tag="909" ind1="C" ind2="O">
            <subfield code="o">oai:zaguan.unizar.es:78722</subfield>
            <subfield code="p">articulos</subfield>
            <subfield code="p">driver</subfield>
        </datafield>
        <datafield tag="951" ind1=" " ind2=" ">
            <subfield code="a">2019-03-26-11:31:26</subfield>
        </datafield>
        <datafield tag="980" ind1=" " ind2=" ">
            <subfield code="a">ARTICLE</subfield>
        </datafield>
    </record>

    
</collection>